| 000 | 01123nam0a22003011 4500 | ||
|---|---|---|---|
| 001 | v19\rc\1644225 | ||
| 005 | 20250619001050.0 | ||
| 035 | _a(NLR Aleph) 004756867 | ||
| 090 |
_a4563924 _c4563924 |
||
| 100 | _a20061002e18861886|||y0rusy50 ca | ||
| 101 | 0 | _arus | |
| 102 | _aRU | ||
| 105 | _aa z ||||| | ||
| 200 | 1 |
_aУниверсальный световой прибор _f[Соч.] В.Л. Розенберга |
|
| 210 |
_a[Санкт-Петербург] _cтип. В. Демакова _d[1886] |
||
| 215 |
_a5 с. _cил. _d24 |
||
| 309 | _aБез тит. л. и обл. | ||
| 311 | _aОтт. из "Журн. Рус. хим. о-ва". 1886, т. 18 | ||
| 488 | 0 |
_12001#$aЖурнал Русского химического общества$v1886, т. 18 _tЖурнал Русского химического общества |
|
| 700 | 1 |
_aРозенберг _bВ.Л. _gВалентин Львович |
|
| 801 | 0 |
_aRU _bNLR _gpsbo |
|
| 801 | 0 |
_aRU _bRuMoRGB _2psbo |
|
| 801 | 1 |
_aRU _bProSoft-M _2rusmarc |
|
| 852 |
_aNLR _j18.216.6.463 |
||
| 899 |
_aRuMoRGB _jA 186/942 |
||
| 899 | _aБАН | ||
| 942 | _cBOOK | ||
| 980 | _aNB | ||